Statistiques concernant Culture Générale - Série 345

Cliquez ici pour prendre le quiz!

Statistiques générales

  • Ce quiz a été pris 91 fois
  • Le résultat moyen est 7 sur 10

Statistiques - réponses

QuestionRéponse% Correct
De quoi parlait Galilée en disant : "Et pourtant, elle tourne" ?La Terre
99%
Quel animal pond des oeufs d'or dans une fable de Jean de La Fontaine ?La poule
95%
Quel mot espagnol désigne la "vague" faite par le public dans un stade ?La ola
94%
En géométrie, quelle lettre représente l'axe des abscisses ?X
90%
Au karaté, quelle ceinture unie passe- t-on après la jaune et avant la verte?Orange
86%
Quel comédien italien associe-t-on à l'expression "la classe" ?Aldo Maccione
59%
Quel prénom composé portait le commandant Cousteau, disparu en 1997 ?JacquesYves
59%
Quel festival a été créé par Jean-Louis Foulquier en 1985 ?Les Francofolies
34%
Quel club de football Guy Roux a-t-il entraîné pendant deux mois en 2007 ?RC Lens
33%
Quel adjectif qualifie un verbe qui ne s'emploie qu'à la 3e personne du singulier ?Impersonnel
30%

Distribution des résultats

Percentile par nombre de réponses

% des personnes avec chaque résultat

Votre développement - résultats

Vous n’avez pas pris ce quiz